00277nam a2200121Ia 4500008004100000041000800041082001200049100002200061245000900083260003400092300002400126365000500150240624s9999 xx 000 0 und d aeng a823 FOR aFORSYTH FREDERICK aICON c1997aNew DelhibBantam Books a567 : p. : cm. ; 17 c